Costa Rica: política exterior y sandinismo

Guardado en:
书目详细资料
主要作者: Sojo Obando, Carlos
格式: Texto
出版: San José: FLACSO. Programa Costa Rica
主题:
标签: 添加标签
没有标签, 成为第一个标记此记录!

MARC

LEADER 00000 a a2200000 04500
001 11715
003
040
090 |a 140600  
100 |a Sojo Obando, Carlos  
245 |a Costa Rica: política exterior y sandinismo  
260 |a San José:   |b FLACSO. Programa Costa Rica  
300 |a 240 p.  
650 |a POLITICA EXTERIOR  
650 |a PAZ  
650 |a MANTENIMIENTO DE LA PAZ  
650 |a CAPITALISMO  
650 |a COMUNISMO  
650 |a REVOLUCION POPULAR SANDINISTA  
650 |a PARTICIPACION SOCIAL  
650 |a GRUPOS SOCIALES  
999 |c 6555  |d 6555